Sports Quiz

Random Sports or Canada Quiz

1993 Montreal Canadiens Stanley Cup Quiz Stats

Quiz not verified by Sporcle

Challenge
Share
Tweet
Embed
Score 0/28 Timer 13:00
0 Plays Today
1993 % Correct
Patrick Roy
99.1%
Eric Desjardins
84.9%
Guy Carbonneau
81.9%
John Leclair
80.6%
Vincent Damphousse
79.7%
Kirk Muller
79.3%
Denis Savard
70.7%
Patrice Brisebois
65.5%
Andre Racicot
59.5%
Brian Bellows
59.5%
Mike Keane
58.2%
Mathieu Schneider
56.9%
Gilbert Dionne
53.4%
Stephan Lebeau
47.8%
1993 % Correct
Paul Dipietro
46.1%
Lyle Odelein
45.3%
Benoit Brunet
42.2%
Jean-Jacques Daigneault
39.2%
Gary Leeman
31.9%
Kevin Haller
31%
Oleg Petrov
29.7%
Rob Ramage
28%
Ed Ronan
27.2%
Mario Roberge
25.4%
Sean Hill
25%
Todd Ewen
23.7%
Donald Dufresne
23.7%
Jesse Belanger
16.8%

You're not logged in!

Compare scores with friends on all Sporcle quizzes.
Sign Up with Email
OR
Log In

You Might Also Like...

Show Comments

Extras

Top Quizzes Today


Score Distribution

Your Account Isn't Verified!

In order to create a playlist on Sporcle, you need to verify the email address you used during registration. Go to your Sporcle Settings to finish the process.

Report this User

Report this user for behavior that violates our Community Guidelines.

Details: